[Event "Chessable Masters Div 3 W"]
[Site "chess.com INT"]
[Date "2023.04.04"]
[Round "3.3"]
[White "Iturrizaga Bonelli, Eduardo"]
[Black "Sarana, Alexey"]
[Result "1/2-1/2"]
[WhiteTitle "GM"]
[BlackTitle "GM"]
[WhiteElo "2637"]
[BlackElo "2685"]
[WhiteFideId "3901211"]
[BlackFideId "24133795"]
[EventDate "2023.04.03"]
[EventType "k.o."]

1. c4 e5 2. g3 Nf6 3. Bg2 d5 4. cxd5 Nxd5 5. Nf3 Nc6 6. O-O Nb6 7. b3 Be7 8. Bb2
f6 9. Nc3 O-O 10. Qc1 Bg4 11. Rd1 Qc8 12. d3 Rd8 13. Ne4 a5 14. a3 Qe6 15. Rb1
Qf7 16. Nc5 Bxc5 17. Qxc5 Be6 18. Nd2 Bd5 19. Bh3 Be6 20. Bg2 Bd5 21. Bf1 Be6
22. Rdc1 Rd7 23. Nc4 Nd5 24. Bg2 Nde7 25. Qb5 Ra7 26. Nd2 Bd5 27. Ne4 Rd8 28.
Ba1 h6 29. Rc5 b6 30. Rcc1 f5 31. Nd2 Bxg2 32. Kxg2 Rd5 33. Qc4 Ra8 34. Nf3 Rf8
35. b4 axb4 36. axb4 b5 37. Qc2 Qe6 38. Nd2 Ra8 39. Nb3 Kh8 40. Nc5 Qd6 41. Bc3
Nd4 42. Bxd4 Rxd4 43. e3 Rd5 44. Nb7 Qf6 45. Qxc7 Rxd3 46. Nc5 Rd2 47. Nb3 Rda2
48. Rc5 f4 49. Qxe5 fxe3 50. Qxe3 Rf8 51. Rf1 Nf5 52. Qe5 Qf7 53. Nc1 Nh4+ 54.
Kh3 Nf3 55. Qd5 Ng5+ 56. Kg4 Qxd5 57. Rxd5 Raxf2 58. Rxf2 Rxf2 59. h4 Ne4 60.
Rxb5 Rb2 61. Nd3 Rb3 62. Nf4 Kh7 63. Nh5 Nf2+ 64. Kf4 Rxb4+ 65. Rxb4 Nd3+ 66.
Kf5 Nxb4 67. Ke6 Nd3 68. Kf7 Ne5+ 69. Ke6 Nf3 70. Kf7 Ne5+ 71. Kf8 Nd7+ 72. Ke7
Ne5 73. Ke6 Nf3 74. Kd5 Kg6 75. Nf4+ Kf5 76. Ne6 g6 1/2-1/2

[Event "Chessable Masters Div 3 W"]
[Site "chess.com INT"]
[Date "2023.04.04"]
[Round "4.1"]
[White "Tabatabaei, M. Amin"]
[Black "Kamsky, Gata"]
[Result "1-0"]
[WhiteTitle "GM"]
[BlackTitle "GM"]
[WhiteElo "2677"]
[BlackElo "2665"]
[WhiteFideId "12521213"]
[BlackFideId "2000024"]
[EventDate "2023.04.03"]
[EventType "k.o."]

1. d4 Nf6 2. Nf3 d5 3. Bf4 c5 4. e3 Nc6 5. Nbd2 cxd4 6. exd4 Bf5 7. Bb5 Qb6 8.
c4 dxc4 9. a4 a6 10. Nxc4 Qd8 11. Bxc6+ bxc6 12. O-O Nd5 13. Bg3 e6 14. Nfe5 Rc8
15. Ne3 Bg6 16. Rc1 Nb4 17. h4 f6 18. Nxg6 hxg6 19. Re1 Kf7 20. Qe2 Qd7 21. a5
Bd6 22. Bxd6 Qxd6 23. Nc4 Qe7 24. Qf3 Kg8 25. Qg4 Kf7 26. Rc3 Rh6 27. Rf3 Re8
28. Ne5+ Kg8 29. Nxg6 Qd6 30. Nf4 Nc2 31. Rg3 Qd7 32. Rxe6 Rxe6 33. Nxe6 f5 34.
Qxg7+ Qxg7 35. Nxg7 1-0

[Event "Chessable Masters Div 3 W"]
[Site "chess.com INT"]
[Date "2023.04.04"]
[Round "4.2"]
[White "Kamsky, Gata"]
[Black "Tabatabaei, M. Amin"]
[Result "1/2-1/2"]
[WhiteTitle "GM"]
[BlackTitle "GM"]
[WhiteElo "2665"]
[BlackElo "2677"]
[WhiteFideId "2000024"]
[BlackFideId "12521213"]
[EventDate "2023.04.03"]
[EventType "k.o."]

1. e4 e5 2. Nf3 Nc6 3. Bb5 Nf6 4. O-O Nxe4 5. d4 Nd6 6. Bxc6 dxc6 7. dxe5 Nf5 8.
Qxd8+ Kxd8 9. Rd1+ Ke8 10. Nc3 Be7 11. h3 Nh4 12. Nxh4 Bxh4 13. Bf4 h5 14. f3 g5
15. Be3 g4 16. hxg4 hxg4 17. f4 Bf5 18. Rd2 Rd8 19. Rad1 Rxd2 20. Rxd2 Be1 21.
Rd1 Bxc3 22. bxc3 b6 23. Kf2 Ke7 24. Kg3 Bxc2 25. Rd2 Bf5 26. Rd1 Bc2 27. Rd2
Bf5 28. Rd1 Bc2 1/2-1/2

[Event "Chessable Masters Div 3 W"]
[Site "chess.com INT"]
[Date "2023.04.04"]
[Round "4.1"]
[White "Vokhidov, Shamsiddin"]
[Black "Sarana, Alexey"]
[Result "1/2-1/2"]
[WhiteTitle "GM"]
[BlackTitle "GM"]
[WhiteElo "2601"]
[BlackElo "2685"]
[WhiteFideId "14204223"]
[BlackFideId "24133795"]
[EventDate "2023.04.03"]
[EventType "k.o."]

1. e4 c5 2. Nf3 d6 3. d4 Nf6 4. Nc3 cxd4 5. Nxd4 a6 6. a4 e5 7. Nf3 Be7 8. Bg5
Be6 9. Bxf6 Bxf6 10. Nd5 Nd7 11. Bc4 Rc8 12. b3 Nb6 13. Nxf6+ Qxf6 14. Bxe6 Qxe6
15. O-O O-O 16. Nd2 a5 17. c4 Nd7 18. Nb1 f5 19. exf5 Rxf5 20. Nc3 Nc5 21. Ra2
e4 22. Rd2 Rd8 23. Re1 Rf6 24. f3 e3 25. Rde2 Qf7 26. Rxe3 Re6 27. Ne4 Qe7 28.
Qd5 Kh8 29. Qd2 Re8 30. Qxa5 h6 31. Qd2 b6 32. Qc3 Re5 33. R3e2 Qh4 34. g3 Qh5
35. Re3 Nxe4 36. Rxe4 Rxe4 37. Rxe4 Rxe4 38. fxe4 Qe2 39. Qd4 Qe1+ 40. Kg2 Qe2+
41. Qf2 Qxe4+ 42. Qf3 Qc2+ 43. Kh3 Kh7 44. g4 Qd2 45. Qf5+ Kh8 46. Qf8+ Kh7 47.
Qf3 Kh8 48. Qa8+ Kh7 49. Qe4+ Kh8 50. Kg3 Qc3+ 51. Qf3 Qe5+ 52. Kh3 Qd4 53. g5
hxg5 54. Qh5+ Kg8 55. Qxg5 Qd3+ 56. Qg3 Qf5+ 57. Kh4 Qe4+ 58. Kg5 d5 59. Qf4
Qe7+ 60. Kg4 Qe6+ 61. Qf5 Qe2+ 62. Qf3 Qe6+ 63. Kg3 dxc4 64. bxc4 Qxc4 65. Qf4
Qc3+ 66. Kg4 Qc8+ 67. Kg3 Qc6 68. h4 Qg6+ 69. Kf3 Qd3+ 70. Kg4 Qd1+ 71. Kf5 Qd5+
72. Kg4 Qg2+ 73. Kf5 Qd5+ 74. Kg4 Qg2+ 75. Kf5 Qd5+ 1/2-1/2

[Event "Chessable Masters Div 3 W"]
[Site "chess.com INT"]
[Date "2023.04.04"]
[Round "4.2"]
[White "Sarana, Alexey"]
[Black "Vokhidov, Shamsiddin"]
[Result "1/2-1/2"]
[WhiteTitle "GM"]
[BlackTitle "GM"]
[WhiteElo "2685"]
[BlackElo "2601"]
[WhiteFideId "24133795"]
[BlackFideId "14204223"]
[EventDate "2023.04.03"]
[EventType "k.o."]

1. d4 Nf6 2. c4 e6 3. Nf3 d5 4. Nc3 Bb4 5. Qa4+ Nc6 6. Bd2 dxc4 7. e3 Bd7 8. Qc2
Na5 9. Rd1 O-O 10. a3 Be7 11. Ne4 Nxe4 12. Qxe4 c5 13. dxc5 Ba4 14. Rc1 Bc6 15.
Qc2 Nb3 16. Rd1 Nxc5 17. Qxc4 Bd5 18. Qg4 Bb3 19. Rc1 Nd3+ 20. Bxd3 Qxd3 21. Bc3
f6 22. Nd4 Bc4 23. Nxe6 Rf7 24. Rd1 h5 25. Qxh5 Qe4 26. Nf4 Rd8 27. Ng6 Rff8 28.
Nxf8 Qxg2 29. Rxd8 Qxh1+ 30. Kd2 Bxd8 31. Ne6 Bxe6 32. Qe8+ Kh7 33. Qxe6 Qxh2
34. Qf5+ Kh6 35. Bd4 Bb6 36. Bxb6 axb6 37. b4 Qd6+ 38. Kc3 Qc6+ 39. Kd4 b5 40.
Qc5 Qa6 41. f4 g5 42. fxg5+ fxg5 43. e4 g4 44. e5 g3 45. Ke3 Qxa3+ 46. Kf4 g2
47. Qf8+ Kh7 48. Qe7+ Kg8 49. Qd8+ Kg7 50. Qd7+ Kg8 51. Qc8+ Kf7 52. Qxb7+ Kf8
53. Qc8+ Ke7 54. Qc5+ Kf7 55. Qd5+ Ke7 56. Qd6+ Ke8 57. Qc6+ Ke7 58. Qc5+ Kf7
59. Qc7+ Ke8 60. Qb8+ Ke7 61. Qb7+ Kf8 62. Qxg2 Qxb4+ 63. Kf5 Qe7 64. Qa8+ Kg7
65. Qc6 b4 66. Qg6+ Kf8 67. Qh6+ Kg8 68. Qb6 Qf7+ 69. Ke4 Qc4+ 70. Kf5 Qf7+ 71.
Ke4 Qc4+ 72. Kf5 Qf7+ 1/2-1/2

[Event "Chessable Masters Div 3 W"]
[Site "chess.com INT"]
[Date "2023.04.04"]
[Round "4.3"]
[White "Vokhidov, Shamsiddin"]
[Black "Sarana, Alexey"]
[Result "1-0"]
[WhiteTitle "GM"]
[BlackTitle "GM"]
[WhiteElo "2601"]
[BlackElo "2685"]
[WhiteFideId "14204223"]
[BlackFideId "24133795"]
[EventDate "2023.04.03"]
[EventType "k.o."]

1. e4 c5 2. Nf3 d6 3. d4 cxd4 4. Nxd4 Nf6 5. Nc3 a6 6. a4 e5 7. Nf3 Be7 8. Bg5
Be6 9. Bxf6 Bxf6 10. Nd5 Nd7 11. Bc4 Rc8 12. b3 Qa5+ 13. b4 Qd8 14. Bb3 Nb6 15.
Nxf6+ gxf6 16. O-O Nc4 17. Qe2 d5 18. Rfd1 d4 19. c3 Qe7 20. cxd4 Qxb4 21. Rab1
O-O 22. dxe5 Qe7 23. exf6 Qxf6 24. Nd4 Rfe8 25. Rbc1 Red8 26. Nxe6 Rxd1+ 27.
Qxd1 Qxe6 28. Rc3 b5 29. Qd4 h6 30. h3 Kf8 31. Rc1 Ke7 32. axb5 axb5 33. Ra1 Qd6
34. Qg7 Qb6 35. Bxc4 Rxc4 36. Qe5+ Kd7 37. Qd5+ Ke7 38. Qe5+ Kd7 39. Rd1+ Kc8
40. Qe8+ Kb7 41. Qxf7+ Rc7 42. Rd7 b4 43. e5 Rxd7 44. Qxd7+ Ka6 45. e6 b3 46. e7
b2 47. Qd3+ Kb7 48. Qe4+ Ka7 49. e8=Q b1=Q+ 50. Qxb1 Qxb1+ 51. Kh2 Qc1 52. Qe3+ 1-0

[Event "Chessable Masters Div 3 W"]
[Site "chess.com INT"]
[Date "2023.04.05"]
[Round "5.1"]
[White "Tabatabaei, M. Amin"]
[Black "Vokhidov, Shamsiddin"]
[Result "1-0"]
[WhiteTitle "GM"]
[BlackTitle "GM"]
[WhiteElo "2677"]
[BlackElo "2601"]
[WhiteFideId "12521213"]
[BlackFideId "14204223"]
[EventDate "2023.04.03"]
[EventType "k.o."]

1. d4 Nf6 2. c4 e6 3. Nf3 d5 4. g3 dxc4 5. Bg2 Bb4+ 6. Bd2 a5 7. a3 Be7 8. Qa4+
Bd7 9. Qxc4 Bc6 10. O-O Bd5 11. Qc2 Nc6 12. e3 a4 13. Bc3 Ne4 14. Nbd2 Nxd2 15.
Bxd2 O-O 16. Rac1 f5 17. Bc3 Be4 18. Qe2 Qd5 19. Ne1 Bxg2 20. Nxg2 Bd6 21. Rfe1
Rad8 22. Qc2 Qb5 23. e4 fxe4 24. Rxe4 Rde8 25. Rce1 Qf5 26. f4 b5 27. Qe2 Qd5
28. Qd3 b4 29. Ne3 Qb3 30. axb4 Nxb4 31. Qc4 Na2 32. Qxb3 axb3 33. Bd2 Bb4 34.
Nc4 Rd8 35. R1e3 Rd5 36. Rxb3 Bxd2 37. Nxd2 c5 38. Nf3 cxd4 39. Nxd4 Rc8 40. Kg2
Rc4 41. Rb8+ Kf7 42. Rb7+ Kg8 43. Rxe6 h6 44. Nf3 Rb4 45. Rxb4 Nxb4 46. Rb6 Nd3
47. b4 Rd8 48. Ne5 1-0

[Event "Chessable Masters Div 3 W"]
[Site "chess.com INT"]
[Date "2023.04.05"]
[Round "5.2"]
[White "Vokhidov, Shamsiddin"]
[Black "Tabatabaei, M. Amin"]
[Result "1/2-1/2"]
[WhiteTitle "GM"]
[BlackTitle "GM"]
[WhiteElo "2601"]
[BlackElo "2677"]
[WhiteFideId "14204223"]
[BlackFideId "12521213"]
[EventDate "2023.04.03"]
[EventType "k.o."]

1. e4 e5 2. Nf3 Nc6 3. Bb5 a6 4. Ba4 Nf6 5. O-O Be7 6. Bxc6 dxc6 7. Re1 Nd7 8.
b3 O-O 9. Bb2 f6 10. d4 exd4 11. Qxd4 Bd6 12. Nbd2 Ne5 13. Nxe5 fxe5 14. Qe3 Qe7
15. Qg3 h5 16. Nc4 h4 17. Qg6 h3 18. g3 Bc5 19. Re2 Qf6 20. Qxf6 gxf6 21. Ba3
Bxa3 22. Nxa3 Be6 23. f3 a5 24. Rd1 a4 25. Nb1 axb3 26. axb3 c5 27. Nc3 Rfd8 28.
Rxd8+ Rxd8 29. Kf2 c6 30. Na4 c4 31. b4 c3 32. g4 Bc4 33. Re3 Rd2+ 34. Kg3 Rg2+
35. Kh4 Rxh2 36. Nxc3 Rxc2 37. Kxh3 Bf1+ 38. Kg3 Rg2+ 39. Kh4 Rh2+ 40. Kg3 Rg2+
41. Kh4 Rh2+ 42. Kg3 Rg2+ 1/2-1/2

[Event "Chessable Masters Div 3 W"]
[Site "chess.com INT"]
[Date "2023.04.06"]
[Round "6.1"]
[White "Tabatabaei, M. Amin"]
[Black "Sarana, Alexey"]
[Result "1-0"]
[WhiteTitle "GM"]
[BlackTitle "GM"]
[WhiteElo "2677"]
[BlackElo "2685"]
[WhiteFideId "12521213"]
[BlackFideId "24133795"]
[EventDate "2023.04.03"]

1. d4 Nf6 2. c4 e6 3. g3 Bb4+ 4. Bd2 Be7 5. Bg2 d5 6. Nf3 c6 7. O-O O-O 8. Qc2
b6 9. Ne5 Bb7 10. cxd5 cxd5 11. Rc1 Nfd7 12. Qc7 Ba6 13. Nd3 Qxc7 14. Rxc7 Bd6
15. Rc2 Bxd3 16. exd3 Na6 17. Rc6 Be7 18. Na3 Nab8 19. Rc7 a6 20. Rac1 b5 21.
Rb7 Rd8 22. Ba5 Rf8 23. Rc3 Bg5 24. f4 Bd8 25. Bb4 Bb6 26. Nc2 Re8 27. Bc5 Bd8
28. Bd6 Bf6 29. Kf2 Nf8 30. Rcc7 Rd8 31. Be5 Nbd7 32. Nb4 Rdc8 33. Ke3 Bd8 34.
Rxd7 Nxd7 35. Rxd7 Rc1 36. Nxd5 Rac8 37. Nc3 Ba5 38. Bb7 Rf8 39. Bxa6 Rc2 40. a3
Rxb2 41. Nxb5 h5 42. Bd6 Ra8 43. Bb7 Re8 44. Bc6 Rxh2 45. Bb4 Bxb4 46. axb4 Rb8
47. Nd6 Rxb4 48. Rd8+ Kh7 49. Nxf7 Rbb2 50. Be4+ g6 51. Ng5+ Kg7 52. Rd7+ Kg8
53. d5 Rhe2+ 54. Kd4 Rb4+ 55. Kc5 1-0

[Event "Chessable Masters Div 3 W"]
[Site "chess.com INT"]
[Date "2023.04.06"]
[Round "6.2"]
[White "Sarana, Alexey"]
[Black "Tabatabaei, M. Amin"]
[Result "1/2-1/2"]
[WhiteTitle "GM"]
[BlackTitle "GM"]
[WhiteElo "2685"]
[BlackElo "2677"]
[WhiteFideId "24133795"]
[BlackFideId "12521213"]
[EventDate "2023.04.03"]

1. d4 Nf6 2. c4 e6 3. Nc3 d5 4. Nf3 c5 5. cxd5 cxd4 6. Qxd4 exd5 7. Bg5 Be7 8.
Qa4+ Bd7 9. Qb3 Na6 10. Bxf6 Bxf6 11. e3 Nc5 12. Qa3 Na4 13. Bd3 Nxc3 14. bxc3
Qe7 15. Qxe7+ Kxe7 16. Kd2 Rhc8 17. Nd4 Rc5 18. Rhb1 b6 19. a4 Rac8 20. Ra3 g6
21. Bb5 Bf5 22. Nxf5+ gxf5 23. Rbb3 Ke6 24. g3 R8c7 25. Bd3 h6 26. h3 Rc8 27.
Bb5 R8c7 28. Kd3 Be5 29. a5 bxa5 30. Rxa5 Rxc3+ 31. Rxc3 Rxc3+ 32. Kd2 d4 33.
Ra6+ Kd5 34. Rxa7 dxe3+ 35. fxe3 Rc7 36. Ra6 Bxg3 37. Rxh6 f4 38. Rh5+ Ke4 39.
Bd3+ Kf3 40. Rf5 1/2-1/2

[Event "Chessable Masters Div 3 W"]
[Site "chess.com INT"]
[Date "2023.04.06"]
[Round "6.3"]
[White "Tabatabaei, M. Amin"]
[Black "Sarana, Alexey"]
[Result "0-1"]
[WhiteTitle "GM"]
[BlackTitle "GM"]
[WhiteElo "2677"]
[BlackElo "2685"]
[WhiteFideId "12521213"]
[BlackFideId "24133795"]
[EventDate "2023.04.03"]

1. d4 Nf6 2. c4 e6 3. g3 Bb4+ 4. Bd2 Be7 5. Bg2 d5 6. Nf3 c6 7. O-O O-O 8. Qc2
b6 9. Nc3 Ba6 10. cxd5 cxd5 11. Ne5 Bb7 12. Rfc1 Nbd7 13. Nb5 Nxe5 14. dxe5 Nd7
15. Bc3 Qb8 16. f4 Rc8 17. Qd2 Nc5 18. Bd4 Ne4 19. Qe3 Rc6 20. a4 Qd8 21. Bxe4
dxe4 22. Rxc6 Bxc6 23. Nc3 Qd7 24. Rd1 Rd8 25. a5 bxa5 26. Bc5 Qb7 27. Bxe7 Qxe7
28. Rxd8+ Qxd8 29. Qxa7 h5 30. Qc5 Bb7 31. Qd6 Qa8 32. Qd4 Bc6 33. Kf2 Qb7 34.
Nd1 Qb5 35. Ne3 Bb7 36. h3 Ba6 37. Qd2 a4 38. g4 h4 39. Qd8+ Kh7 40. Qxh4+ Kg8
41. Qd8+ Kh7 42. Qd2 g6 43. Kg3 Qc5 44. h4 Kg7 45. Kf2 Qe7 46. g5 Qc5 47. Ke1
Qb6 48. Kf1 Qb3 49. Kf2 Qb6 50. Kg3 Qb3 51. Kf2 Qb6 52. Kf1 Qb3 53. Ke1 Qb6 54.
Kf2 Qb3 55. Kg2 Qb7 56. Kh2 Qb6 57. Nd1 Qc6 58. e3 Bd3 59. Nf2 Qc4 60. Kg3 Qa2
61. Qc3 Qb1 62. Ng4 Qg1+ 0-1

[Event "Chessable Masters Div 3 W"]
[Site "chess.com INT"]
[Date "2023.04.06"]
[Round "6.4"]
[White "Sarana, Alexey"]
[Black "Tabatabaei, M. Amin"]
[Result "0-1"]
[WhiteTitle "GM"]
[BlackTitle "GM"]
[WhiteElo "2685"]
[BlackElo "2677"]
[WhiteFideId "24133795"]
[BlackFideId "12521213"]
[EventDate "2023.04.03"]

1. c4 e5 2. Nc3 Nf6 3. Nf3 Nc6 4. e3 Bb4 5. Nd5 e4 6. Ng1 O-O 7. a3 Bd6 8. Nxf6+
Qxf6 9. f4 b6 10. Ne2 Bb7 11. Ng3 Ne7 12. Qc2 Rfe8 13. Be2 Nf5 14. Nxf5 Qxf5 15.
b3 Be7 16. Bb2 Bf6 17. h4 Bxb2 18. Qxb2 d5 19. h5 h6 20. g4 Qe6 21. g5 hxg5 22.
h6 Qf6 23. Qxf6 gxf6 24. Kf2 Kh7 25. Rag1 Rg8 26. Bg4 gxf4 27. Bf5+ Kh8 28. cxd5
Bxd5 29. b4 Rad8 30. Rxg8+ Rxg8 31. Rh4 fxe3+ 32. dxe3 Be6 33. Bxe6 fxe6 34.
Rxe4 Re8 35. Rd4 Re7 36. Rd8+ Kh7 37. Ra8 c6 38. Rc8 Kxh6 39. Rxc6 Kg5 40. a4
Kf5 41. Kf3 Ke5 42. Rc4 f5 43. Ke2 Rh7 44. Kd3 Rd7+ 45. Ke2 Kd5 46. Rd4+ Kc6 47.
b5+ Kc7 48. Rc4+ Kd6 49. Rd4+ Ke7 50. Rc4 Kf6 51. Rc6 Ke5 52. Kf3 Kd5 53. Ke2
Rh7 54. Kd3 Rh3 55. Rc7 f4 56. Rd7+ Ke5 57. Rxa7 Rxe3+ 58. Kc4 f3 59. a5 Re4+
60. Kd3 bxa5 61. b6 Rb4 62. Ke3 Rb3+ 63. Kf2 Kf4 64. Rf7+ Ke4 65. b7 Rb2+ 66.
Kg3 e5 67. Rc7 f2 68. Kg2 Ke3 69. Rc5 e4 70. Rxa5 Ke2 71. b8=Q f1=Q+ 0-1